000 00327nam a2200133 i 4500
001 bg
100 1 _aPARNICKI-PUDEŁKO, S.
245 0 _aArchitektura starożytnej Grecji /
_cS. Parnicki-Pudełko.
260 _aWarszawa,
_c1985.
040 _cBPK
041 _apol
942 _cKS
008 s pl f |000 0 pol
999 _c28270
_d28270
856 _uhttp://koha.tu.koszalin.pl/cgi-bin/koha/opac-detail.pl?biblionumber=28270
_yKatalog online BPK